Copa do Mundo da FIFA 2018 - Final 8 Equipes - Statistics

Estatísticas Gerais
  • Esse quiz foi jogado 350 vezes
  • A pontuação média é 7 de 8
Estatísticas das Respostas
país % Correto
França
98%
Brasil
97%
Bélgica
95%
Croácia
95%
Inglaterra
90%
Uruguai
75%
Rússia
74%
Suécia
52%
Nenhum quiz correspondente encontrado
Distribuição das Pontuações
Porcentagem de Pessoas com Cada Pontuação
Percentil de Números Respondidos
Sua Pontuação Histórica
Você não jogou esse quiz